The Resurrection of Jesus of Nazareth, (Record no. 6310)
[ view plain ]
| 000 -LEADER | |
|---|---|
| fixed length control field | 00672cam a2200205 4500 |
| 001 - CONTROL NUMBER | |
| control field | 3148398 |
| 005 - DATE AND TIME OF LATEST TRANSACTION | |
| control field | 20250605132637.0 |
| 008 - FIXED-LENGTH DATA ELEMENTS--GENERAL INFORMATION | |
| fixed length control field | 710323s1970 enk 001 0 eng |
| 020 ## - INTERNATIONAL STANDARD BOOK NUMBER | |
| International Standard Book Number | 0334013623 |
| 041 1# - LANGUAGE CODE | |
| Language code of text/sound track or separate title | engger |
| 050 00 - LIBRARY OF CONGRESS CALL NUMBER | |
| Classification number | BT481 |
| Item number | .M3713 1970b |
| 082 00 - DEWEY DECIMAL CLASSIFICATION NUMBER | |
| Classification number | 232/.5 |
| 100 1# - MAIN ENTRY--PERSONAL NAME | |
| Personal name | Marxsen, Willi, |
| Dates associated with a name | 1919-1993. |
| 245 14 - TITLE STATEMENT | |
| Title | The Resurrection of Jesus of Nazareth, |
| Statement of responsibility, etc. | by Willi Marxsen [translated from the German by Margaret Hohl] |
| 260 ## - PUBLICATION, DISTRIBUTION, ETC. | |
| Place of publication, distribution, etc. | London, |
| Name of publisher, distributor, etc. | S.C.M. Press., |
| Date of publication, distribution, etc. | 1970. |
| 300 ## - PHYSICAL DESCRIPTION | |
| Extent | 191 p. |
| Dimensions | 23 cm. |
| 500 ## - GENERAL NOTE | |
| General note | Based on the author's lecture, Münster, winter 1967/68. |
| 500 ## - GENERAL NOTE | |
| General note | Translation of Die Auferstehung Jesu von Nazareth. |
| 942 ## - ADDED ENTRY ELEMENTS (KOHA) | |
| Source of classification or shelving scheme | Library of Congress Classification |
| Koha item type | Books |
| Suppress in OPAC | No |
| 999 ## - | |
| -- | 6310 |
| -- | 6310 |
| Withdrawn status | Lost status | Source of classification or shelving scheme | Damaged status | Not for loan | Collection | Home library | Current library | Shelving location | Date acquired | Total checkouts | Full call number | Barcode | Date last seen | Copy number | Price effective from | Koha item type |
|---|---|---|---|---|---|---|---|---|---|---|---|---|---|---|---|---|
| Library of Congress Classification | Non-fiction | Undergraduate Library (Christ Temple) | Undergraduate Library (Christ Temple) | General stacks | 06/05/2025 | BT481 MAX | ulct00003056 | 06/05/2025 | 1 | 06/05/2025 | Books |